[Event "Odoev-ch"]
[Site "Odoev"]
[Date "2018.05.31"]
[Round "4"]
[White "Karpov, Alexander N"]
[Black "Krasnov, Yury A"]
[Result "1-0"]
[WhiteElo "2007"]
[BlackElo "2271"]
[PlyCount "103"]
[EventDate "2018.05.28"]
[EventType "swiss"]
[EventRounds "9"]
[EventCountry "RUS"]
[SourceTitle "EXT 2019"]
[Source "ChessBase"]
[SourceDate "2018.10.10"]
[SourceVersion "1"]
[SourceVersionDate "2018.10.10"]
[SourceQuality "1"]

1. e4 c5 2. Nf3 d6 3. d4 cxd4 4. Nxd4 Nf6 5. Nc3 a6 6. Bg5 e6 7. f4 Qc7 8. Bxf6 gxf6 9. f5 Qc5 10. Qd3 Bh6 11. Rd1 Ke7 12. Be2 b5 13. Qf3 Nc6 14. Nxc6+ Qxc6 15. e5 Qxf3 16. exd6+ Kd8 17. Bxf3 Rb8 18. d7 Bb7 19. Rf1 Ke7 20. Bxb7 Rxb7 21. fxe6 fxe6 22. Ne4 Rxd7 23. Rxd7+ Kxd7 24. Rxf6 Bc1 25. Rf7+ Kc6 26. b3 Bb2 27. Ra7 Kd5 28. Nd2 Bc3 29. Rxa6 Rg8 30. g3 Rf8 31. Ke2 Bxd2 32. Kxd2 Rf2+ 33. Kc3 Rxh2 34. Rb6 Kc5 35. Rxe6 b4+ 36. Kb2 Kd5 37. Rb6 Kc5 38. Re6 Rg2 39. Rh6 Rxg3 40. Rxh7 Rg5 41. a3 bxa3+ 42. Kxa3 Rg8 43. c3 Ra8+ 44. Kb2 Rg8 45. Rh5+ Kc6 46. c4 Rg3 47. Ka3 Rg7 48. Kb4 Rg6 49. Rh7 Rf6 50. Rh4 Rf5 51. Rh6+ Kc7 52. c5 1-0

[Event "Tula Rjazanov Memorial"]
[Site "Tula"]
[Date "2016.02.07"]
[Round "2"]
[White "Krasnov, Yury A"]
[Black "Zaitsev, Alexander"]
[Result "0-1"]
[WhiteElo "2252"]
[BlackElo "2495"]
[PlyCount "64"]
[EventDate "2016.02.05"]
[EventType "swiss"]
[EventRounds "9"]
[EventCountry "RUS"]
[SourceTitle "CBM 171 Extra"]
[Source "ChessBase"]
[SourceDate "2016.04.26"]
[SourceVersion "1"]
[SourceVersionDate "2016.04.26"]
[SourceQuality "1"]

1. e4 c5 2. Nc3 Nc6 3. g3 g6 4. Bg2 Bg7 5. d3 Rb8 6. Be3 d6 7. Qd2 b5 8. Nge2 b4 9. Nd1 a5 10. a3 b3 11. c3 e6 12. 0-0 Nge7 13. f4 Qb6 14. Nf2 a4 15. Rad1 0-0 16. d4 Na5 17. Nd3 Nc4 18. Qc1 Nxe3 19. Qxe3 cxd4 20. cxd4 Ba6 21. Rc1 Rfc8 22. Rfd1 Rc2 23. Bf1 Rbc8 24. Rxc2 bxc2 25. Rc1 Bxd3 26. Qxd3 Qxb2 27. g4 d5 28. Bg2 Rc4 29. exd5 exd5 30. Bxd5 Rxd4 31. Qxc2 Rxd5 32. Qxb2 Bxb2 0-1

[Event "Novomoskovsk"]
[Site "Novomoskovsk"]
[Date "2010.08.21"]
[Round "11"]
[White "Krasnov, Yury A"]
[Black "Gorbunov, Oleg"]
[Result "1-0"]
[WhiteElo "2116"]
[BlackElo "2068"]
[PlyCount "83"]
[EventDate "2010.08.21"]
[EventType "tourn"]
[EventRounds "13"]
[EventCountry "RUS"]
[SourceTitle "EXT 2022"]
[Source "ChessBase"]
[SourceDate "2021.10.06"]
[SourceVersion "1"]
[SourceVersionDate "2021.10.06"]
[SourceQuality "1"]

1. d4 Nf6 2. Nf3 e6 3. c4 d5 4. Nc3 Be7 5. cxd5 exd5 6. Bg5 c6 7. Qc2 g6 8. e4 dxe4 9. Bxf6 Bxf6 10. Qxe4+ Kf8 11. Bc4 Kg7 12. 0-0 Qd6 13. Rfe1 Bf5 14. Qe3 Rf8 15. Ne5 Nd7 16. g4 Be6 17. Ne4 Qc7 18. Nxd7 Qxd7 19. Nxf6 Kxf6 20. Qe5+ Ke7 21. d5 cxd5 22. Bxd5 Rfd8 23. Bxe6 fxe6 24. Qg7+ Ke8 25. Qg8+ Ke7 26. Qxh7+ Kf6 27. Qh4+ Kg7 28. Qg5 Qd6 29. h4 Kf7 30. Re3 Qd5 31. Qf4+ Kg7 32. Rae1 Rd6 33. Re5 Qd2 34. Qg3 Rc8 35. R5e2 Qd5 36. Re5 Qd2 37. R5e2 Qd5 38. Re5 Qd2 39. Rxe6 Rxe6 40. Rxe6 Rc1+ 41. Kh2 Kf7 42. Re3 1-0

[Event "Novomoskovsk"]
[Site "Novomoskovsk"]
[Date "2010.08.21"]
[Round "4"]
[White "Trubizin, Alexander"]
[Black "Krasnov, Yury A"]
[Result "0-1"]
[WhiteElo "2083"]
[BlackElo "2116"]
[PlyCount "60"]
[EventDate "2010.08.21"]
[EventType "tourn"]
[EventRounds "13"]
[EventCountry "RUS"]
[SourceTitle "EXT 2022"]
[Source "ChessBase"]
[SourceDate "2021.10.06"]
[SourceVersion "1"]
[SourceVersionDate "2021.10.06"]
[SourceQuality "1"]

1. e4 e5 2. Nf3 Nf6 3. Nxe5 d6 4. Nf3 Nxe4 5. Nc3 Nxc3 6. dxc3 Be7 7. Be3 Nd7 8. Qd2 Nc5 9. 0-0-0 Be6 10. Nd4 Bg4 11. f3 Bd7 12. g4 Ne6 13. Nf5 Bc6 14. Bg2 a6 15. Rhe1 0-0 16. Nxe7+ Qxe7 17. f4 Qd7 18. f5 Nd8 19. f6 Re8 20. fxg7 Qxg4 21. Bf1 Bf3 22. Bd3 Bxd1 23. Rxd1 Qh3 24. Bg5 Ne6 25. Bh6 d5 26. b4 a5 27. Rg1 axb4 28. cxb4 Rxa2 29. Qe3 Qh4 30. Kb1 Ra4 0-1

[Event "Novosibirsk April op"]
[Site "Novosibirsk"]
[Date "2008.04.13"]
[Round "9"]
[White "Kuzmin, Artem"]
[Black "Krasnov, Yury A"]
[Result "1-0"]
[WhiteElo "1992"]
[BlackElo "2146"]
[PlyCount "85"]
[EventDate "2008.04.05"]
[EventType "swiss"]
[EventRounds "9"]
[EventCountry "RUS"]
[SourceTitle "EXT 2010"]
[Source "ChessBase"]
[SourceDate "2010.11.25"]
[SourceVersion "1"]
[SourceVersionDate "2010.11.25"]
[SourceQuality "1"]

1. e4 c5 2. c3 Nf6 3. e5 Nd5 4. d4 cxd4 5. cxd4 d6 6. Nf3 Nc6 7. Bc4 Nb6 8. Bb3 e6 9. Qe2 Be7 10. 0-0 0-0 11. Nc3 d5 12. Bc2 f6 13. Rd1 Bd7 14. a3 Rc8 15. g3 f5 16. h4 Be8 17. Ng5 Qd7 18. Nh3 Nd8 19. Kh2 Nf7 20. g4 g6 21. gxf5 gxf5 22. f3 Kh8 23. Rg1 Rg8 24. Rxg8+ Kxg8 25. Bf4 Bxh4 26. Rg1+ Kf8 27. Qg2 Ke7 28. Qg7 Kd8 29. Qxh7 Be7 30. Rg8 Bxa3 31. Ng5 Nxg5 32. Bxg5+ Be7 33. Rg7 Bxg5 34. Rxd7+ Nxd7 35. Qg8 Bc1 36. Qg2 Nb6 37. Bb3 Rc7 38. Ne2 Rh7+ 39. Kg1 Rh6 40. Kf1 Rg6 41. Qf2 Bd2 42. Qh4+ Rg5 43. f4 1-0

[Event "Novosibirsk-ch"]
[Site "Novosibirsk"]
[Date "2008.02.27"]
[Round "5"]
[White "Nikolaev, Alexander"]
[Black "Krasnov, Yury A"]
[Result "1/2-1/2"]
[WhiteElo "1948"]
[BlackElo "2146"]
[PlyCount "57"]
[EventDate "2008.02.22"]
[EventType "swiss"]
[EventRounds "9"]
[EventCountry "RUS"]
[SourceTitle "CBM 123 Extra"]
[Source "ChessBase"]
[SourceDate "2008.05.06"]
[SourceVersion "1"]
[SourceVersionDate "2008.05.06"]
[SourceQuality "1"]

1. d4 d5 2. c4 c6 3. e3 e6 4. Nf3 f5 5. Be2 Nf6 6. 0-0 Bd6 7. b3 0-0 8. Ba3 Bxa3 9. Nxa3 Bd7 10. Nc2 Be8 11. Nce1 Nbd7 12. Nd3 Ne4 13. Qc2 Bg6 14. Nfe5 Nxe5 15. Nxe5 Nf6 16. f3 Rc8 17. b4 Qd6 18. a3 Nd7 19. Nxd7 Qxd7 20. f4 b5 21. cxb5 cxb5 22. Qd2 a6 23. Rfc1 Rxc1+ 24. Rxc1 Rc8 25. Kf2 Be8 26. Bd3 Rxc1 27. Qxc1 Qc6 28. Qxc6 Bxc6 29. Kf3 1/2-1/2

[Event "Novosibirsk-ch sf"]
[Site "Novosibirsk"]
[Date "2008.01.21"]
[Round "7"]
[White "Krasnov, Yury A"]
[Black "Chuguev, Anton"]
[Result "0-1"]
[WhiteElo "2146"]
[BlackElo "2153"]
[PlyCount "88"]
[EventDate "2008.01.13"]
[EventType "swiss"]
[EventRounds "9"]
[EventCountry "RUS"]
[SourceTitle "EXT 2010"]
[Source "ChessBase"]
[SourceDate "2010.11.25"]
[SourceVersion "1"]
[SourceVersionDate "2010.11.25"]
[SourceQuality "1"]

1. d4 Nf6 2. c4 g6 3. Nc3 Bg7 4. e4 d6 5. Nf3 0-0 6. Be2 e5 7. 0-0 Nc6 8. d5 Ne7 9. Ne1 c5 10. Nd3 Ne8 11. f3 f5 12. g4 Kh8 13. Bg5 h6 14. Bh4 g5 15. Bf2 fxg4 16. fxg4 Ng6 17. Qd2 Nf4 18. Nxf4 exf4 19. Bf3 Be5 20. h3 Nf6 21. Kg2 h5 22. Rh1 hxg4 23. hxg4+ Kg7 24. Qe2 Rh8 25. Rxh8 Kxh8 26. Rh1+ Kg7 27. Kf1 Bd7 28. Be1 Qe8 29. Qh2 Qg6 30. Qh3 Rg8 31. Ke2 Kf7 32. Kd3 Rg7 33. Qh8 Rg8 34. Qh3 a6 35. a4 Rg7 36. Qh8 Rh7 37. Rxh7+ Qxh7 38. Qd8 Qh3 39. Ke2 Bxg4 40. Bxg4 Qxg4+ 41. Kd2 Qg2+ 42. Kd1 f3 43. Qc8 f2 44. Qe6+ Kg7 0-1

[Event "Novosibirsk-ch sf"]
[Site "Novosibirsk"]
[Date "2008.01.19"]
[Round "6"]
[White "Kamrukov, Alexey"]
[Black "Krasnov, Yury A"]
[Result "0-1"]
[WhiteElo "1994"]
[BlackElo "2146"]
[PlyCount "50"]
[EventDate "2008.01.13"]
[EventType "swiss"]
[EventRounds "9"]
[EventCountry "RUS"]
[SourceTitle "EXT 2010"]
[Source "ChessBase"]
[SourceDate "2010.11.25"]
[SourceVersion "1"]
[SourceVersionDate "2010.11.25"]
[SourceQuality "1"]

1. d4 d5 2. c4 c6 3. Nc3 Nf6 4. Nf3 e6 5. Bg5 h6 6. Bh4 dxc4 7. e4 g5 8. Bg3 b5 9. a4 b4 10. Na2 Ba6 11. e5 Nd5 12. Rc1 Qa5 13. b3 c3 14. Bxa6 Qxa6 15. h4 g4 16. Ng1 h5 17. Ne2 Bh6 18. Rc2 Nd7 19. Nac1 c5 20. dxc5 Nxc5 21. Nd4 Bxc1 22. Nb5 Bd2+ 23. Rxd2 cxd2+ 24. Qxd2 Rb8 25. Nd6+ Kf8 0-1

[Event "Donskoj"]
[Site "Donskoj"]
[Date "2007.07.14"]
[Round "9"]
[White "Krasnov, Yury A"]
[Black "Simantsev, Mikhail"]
[Result "0-1"]
[WhiteElo "2200"]
[BlackElo "2450"]
[PlyCount "34"]
[EventDate "2007.07.09"]
[EventType "tourn"]
[EventRounds "13"]
[EventCountry "RUS"]
[EventCategory "4"]
[SourceTitle "EXT 2009"]
[Source "ChessBase"]
[SourceDate "2008.11.26"]
[SourceVersion "1"]
[SourceVersionDate "2008.11.26"]
[SourceQuality "1"]

1. d4 Nf6 2. c4 c5 3. d5 e6 4. Nc3 exd5 5. cxd5 d6 6. e4 g6 7. Nf3 Bg7 8. Be2 0-0 9. 0-0 Re8 10. Nd2 Na6 11. f3 Nc7 12. a4 b6 13. Nc4 Ba6 14. Bf4 Nh5 15. Bxd6 Bxc4 16. Bxc7 Bxe2 17. Qxe2 Qxc7 0-1

[Event "Kireevsk"]
[Site "Kireevsk"]
[Date "2006.12.30"]
[Round "13"]
[White "Krasnov, Yury A"]
[Black "Kalinichev, Andrey"]
[Result "1/2-1/2"]
[WhiteElo "2313"]
[BlackElo "2356"]
[PlyCount "50"]
[EventDate "2006.12.23"]
[EventType "tourn"]
[EventRounds "13"]
[EventCountry "RUS"]
[EventCategory "5"]
[SourceTitle "EXT 2019"]
[Source "ChessBase"]
[SourceDate "2018.10.10"]
[SourceVersion "1"]
[SourceVersionDate "2018.10.10"]
[SourceQuality "1"]

1. e4 e5 2. Nf3 Nf6 3. Nxe5 d6 4. Nf3 Nxe4 5. d4 d5 6. Bd3 Be7 7. 0-0 Nc6 8. c4 Nb4 9. a3 Nxd3 10. Qxd3 Nf6 11. c5 Be6 12. Ng5 Qd7 13. Nxe6 fxe6 14. Nc3 0-0 15. Bd2 Rae8 16. Rae1 a6 17. Re2 c6 18. Rfe1 Bd8 19. Qh3 Qf7 20. f3 Bc7 21. Rxe6 Rxe6 22. Qxe6 Re8 23. Qxf7+ Kxf7 24. Rxe8 Kxe8 25. Ne2 h6 1/2-1/2

[Event "Kireevsk"]
[Site "Kireevsk"]
[Date "2006.12.28"]
[Round "9"]
[White "Krasnov, Yury A"]
[Black "Slavnova, Dania"]
[Result "0-1"]
[WhiteElo "2313"]
[BlackElo "2305"]
[PlyCount "64"]
[EventDate "2006.12.23"]
[EventType "tourn"]
[EventRounds "13"]
[EventCountry "RUS"]
[EventCategory "5"]
[SourceTitle "EXT 2019"]
[Source "ChessBase"]
[SourceDate "2018.10.10"]
[SourceVersion "1"]
[SourceVersionDate "2018.10.10"]
[SourceQuality "1"]

1. d4 Nf6 2. c4 g6 3. Nc3 d5 4. cxd5 Nxd5 5. e4 Nxc3 6. bxc3 Bg7 7. Nf3 c5 8. Bb5+ Nc6 9. 0-0 0-0 10. d5 a6 11. Be2 Ne5 12. Nxe5 Bxe5 13. Bh6 Re8 14. Qd3 b5 15. f4 c4 16. Qe3 Bc7 17. Qg3 e6 18. dxe6 Bxe6 19. e5 Qd2 20. Bf3 Qxc3 21. Bg5 Rab8 22. Bf6 Bd8 23. Qh4 Bxf6 24. exf6 Bf5 25. Rae1 Qd4+ 26. Kh1 Rxe1 27. Rxe1 c3 28. Bd5 Rf8 29. h3 c2 30. Kh2 h5 31. Qg5 Kh7 32. Bb3 Qd2 0-1

[Event "Kireevsk"]
[Site "Kireevsk"]
[Date "2006.12.26"]
[Round "6"]
[White "Abbasov, Farid"]
[Black "Krasnov, Yury A"]
[Result "1-0"]
[WhiteElo "2444"]
[BlackElo "2313"]
[PlyCount "107"]
[EventDate "2006.12.23"]
[EventType "tourn"]
[EventRounds "13"]
[EventCountry "RUS"]
[EventCategory "5"]
[SourceTitle "EXT 2019"]
[Source "ChessBase"]
[SourceDate "2018.10.10"]
[SourceVersion "1"]
[SourceVersionDate "2018.10.10"]
[SourceQuality "1"]

1. d4 Nf6 2. c4 c5 3. d5 e6 4. Nc3 exd5 5. cxd5 d6 6. e4 g6 7. Nf3 Bg7 8. Be2 0-0 9. 0-0 a6 10. a4 b6 11. Bf4 Ra7 12. Nd2 Re7 13. Bf3 Ne8 14. Nc4 f5 15. Bg5 Bf6 16. Bh6 Bg7 17. Bxg7 Nxg7 18. Qb3 fxe4 19. Bxe4 Rb7 20. Rfe1 Nf5 21. Bxf5 Bxf5 22. Re3 Qf6 23. Rae1 Nd7 24. Rf3 Ne5 25. Nxe5 dxe5 26. Qc4 Ra7 27. Rfe3 e4 28. Rd1 Raf7 29. Rd2 a5 30. Nxe4 Qd8 31. f3 Bxe4 32. Rxe4 Qg5 33. Rd3 Rd8 34. b3 Rd6 35. Re8+ Kg7 36. Qc3+ Qf6 37. Qe1 Qf5 38. Qc3+ Qf6 39. Re5 Rfd7 40. Rde3 Rf7 41. f4 h6 42. Rf3 Kh7 43. Qd3 Qh4 44. f5 Qd4+ 45. Qxd4 cxd4 46. Re6 Rf6 47. fxg6+ Rxg6 48. Rf7+ Kg8 49. Rxg6+ Rxg6 50. Rf4 Rd6 51. Rxd4 Kf7 52. g4 Kf6 53. Kf2 Ke5 54. Ke3 1-0

[Event "Kireevsk"]
[Site "Kireevsk"]
[Date "2006.12.26"]
[Round "7"]
[White "Krasnov, Yury A"]
[Black "Gusev, Aleksey"]
[Result "0-1"]
[WhiteElo "2313"]
[BlackElo "2382"]
[PlyCount "76"]
[EventDate "2006.12.23"]
[EventType "tourn"]
[EventRounds "13"]
[EventCountry "RUS"]
[EventCategory "5"]
[SourceTitle "EXT 2019"]
[Source "ChessBase"]
[SourceDate "2018.10.10"]
[SourceVersion "1"]
[SourceVersionDate "2018.10.10"]
[SourceQuality "1"]

1. e4 e5 2. Nf3 Nf6 3. Nxe5 Qe7 4. d4 Nc6 5. Nxc6 Qxe4+ 6. Be2 dxc6 7. 0-0 Be6 8. Nc3 Qh4 9. g3 Qh3 10. Re1 0-0-0 11. Bf1 Qf5 12. Bf4 Bd6 13. Bd2 h5 14. f3 Qg6 15. Bd3 Bf5 16. Bxf5+ Qxf5 17. Ne4 Nxe4 18. fxe4 Qh3 19. Qf3 h4 20. e5 Be7 21. c3 c5 22. Be3 hxg3 23. Qxg3 Qe6 24. Re2 cxd4 25. cxd4 Rh3 26. Qg2 Rdh8 27. Bf4 R3h4 28. Qf3 g5 29. Bg3 Rxd4 30. Rc1 Rhd8 31. Rcc2 Rd3 32. Qf2 Bb4 33. Rc1 Ba5 34. Kf1 Qh3+ 35. Qg2 Qf5+ 36. Bf2 Rd1+ 37. Rxd1 Rxd1+ 38. Re1 Rxe1# 0-1

[Event "Kireevsk"]
[Site "Kireevsk"]
[Date "2006.12.24"]
[Round "3"]
[White "Krasnov, Yury A"]
[Black "Arakeljan, Armen M"]
[Result "0-1"]
[WhiteElo "2313"]
[BlackElo "2293"]
[PlyCount "48"]
[EventDate "2006.12.23"]
[EventType "tourn"]
[EventRounds "13"]
[EventCountry "RUS"]
[EventCategory "5"]
[SourceTitle "EXT 2019"]
[Source "ChessBase"]
[SourceDate "2018.10.10"]
[SourceVersion "1"]
[SourceVersionDate "2018.10.10"]
[SourceQuality "1"]

1. e4 c5 2. Nf3 Nc6 3. d4 cxd4 4. Nxd4 d6 5. c4 Nf6 6. Nc3 g6 7. Be2 Nxd4 8. Qxd4 Bg7 9. Be3 0-0 10. Qd2 Be6 11. 0-0 a6 12. Rac1 Rb8 13. h3 Rc8 14. b3 Re8 15. Rfd1 Qa5 16. Rc2 Nd7 17. Rdc1 Nc5 18. Bxc5 Rxc5 19. f3 b5 20. cxb5 Rec8 21. bxa6 Bxc3 22. Qe3 Bd4 23. Qxd4 Rxc2 24. Rxc2 Rxc2 0-1